US state? - Statistics

General Stats
  • This quiz has been taken 24 times
    22 since last reset
  • The average score is 13 of 15
Answers on the Grid
Answers color-coded by a green-red scale on the quiz's grid according to % correct below.
West Virginia
Cuba
Ohio
Novya Zemlya
Puerto Rico
Mongolia
Mississippi
Massachusetts
Liechtenstein
Japan
Vermont
Italy
Indiana
Illinois
Guam
Oklahoma
Georgia
Equatorial Guinea
Delaware
Utah
Connecticut
Comoros
Chad
Rhode Island
Baja California Sur
Baja California
Armenia
Alberta
Alaska
Alabama
 
Answer Stats
Answer % Correct
West Virginia
93%
Alabama
86%
Alaska
86%
Connecticut
86%
Delaware
86%
Georgia
86%
Illinois
86%
Indiana
86%
Massachusetts
86%
Mississippi
86%
Rhode Island
86%
Vermont
86%
Ohio
79%
Oklahoma
79%
Utah
79%
No matching quizzes found
Score Distribution
Percent of People with Each Score
Percentile by Number Answered
Your Score History
You have not taken this quiz since the last reset